فنانين توانسة - Statistics

الإحصائيات العامة
  • هذا الإختبار تم الخضوع له 33 مره
  • الدرجة المتوسطة هي 10 من 21
إحصائيات الإجابة
Picture Answer % صحيح
الهادي حبوبة
89%
لطفي بوشناق
82%
صابر الرباعي
79%
سمير لوصيف
79%
الهادي دنيا
68%
الهادي الجويني
68%
زياد غرسة
64%
ذكرى
57%
فاطمة بوساحة
57%
علي الرياحي
50%
صليحة
46%
لطيفة العرفاوي
46%
محمد الجبالي
46%
أمينة فاخت
39%
صلاح مصباح
36%
علية
29%
آمال المثلوثي
29%
السيدة نعمة
29%
قاسم الكافي
21%
محمد الجموسي
11%
خميس ترنان
11%
No matching quizzes found
توزيع النقاط
نسبة الأشخاص لكل درجة
النسبة وفقا للأرقام
سجل النقاط الخاصة بك
لم تضخع لهذا الإختبار